Normal view
MARC view
Entry Personal Name
001 - CONTROL NUMBER
- control field: 14645
003 - CONTROL NUMBER IDENTIFIER
- control field: HDC
005 - DATE AND TIME OF LATEST TRANSACTION
- control field: 20230624073434.0
008 - FIXED-LENGTH DATA ELEMENTS
- fixed length control field: 210214|| aca||aabn | a|a d
040 ## - CATALOGING SOURCE
- Original cataloging agency: HDC
- Transcribing agency: HDC
100 ## - HEADING--PERSONAL NAME
- Personal name: Lazo, Kristyn Nika
670 ## - SOURCE DATA FOUND
- Source citation: Work cat.: (HDC): Lazo, Kristyn Nika, author, MSMEs rake in P16M sales from Sikat Pinoy fair /
